The song of God, Bhagavad-gita / (Record no. 288487)
[ view plain ]
| 000 -LEADER | |
|---|---|
| fixed length control field | 00771nam a22002050 4500 |
| 003 - CONTROL NUMBER IDENTIFIER | |
| control field | PILC |
| 005 - DATE AND TIME OF LATEST TRANSACTION | |
| control field | 20150825151555.0 |
| 008 - FIXED-LENGTH DATA ELEMENTS--GENERAL INFORMATION | |
| fixed length control field | /0/3 |
| 050 00 - LIBRARY OF CONGRESS CALL NUMBER | |
| Classification number | PK 3633.B5 |
| Item number | .P7 1972 |
| 130 0# - MAIN ENTRY--UNIFORM TITLE | |
| Uniform title | Mahabharata. Bhagavadgita. English. |
| 245 14 - TITLE STATEMENT | |
| Title | The song of God, Bhagavad-gita / |
| Statement of responsibility, etc | translated by Swami Prabhavananda and Christopher Isherwood ; with an introd. by Aldous Huxley. |
| 260 ## - PUBLICATION, DISTRIBUTION, ETC. (IMPRINT) | |
| Place of publication, distribution, etc | New York : |
| Name of publisher, distributor, etc | New American Library, |
| Date of publication, distribution, etc | 1972. |
| 300 ## - PHYSICAL DESCRIPTION | |
| Extent | 143 pages ; |
| Dimensions | 18 cm. |
| 440 #2 - SERIES STATEMENT/ADDED ENTRY--TITLE | |
| Title | A Mentor religious classic. |
| 500 ## - GENERAL NOTE | |
| General note | First ed. published in 1944 under title: Bhagavad-gita, the song of God. |
| 700 1# - ADDED ENTRY--PERSONAL NAME | |
| Personal name | Prabhavananda, Swami, |
| Dates associated with a name | 1893- |
| 700 1# - ADDED ENTRY--PERSONAL NAME | |
| Personal name | Isherwood, Christopher, |
| Dates associated with a name | 1904- |
| 740 0# - ADDED ENTRY--UNCONTROLLED RELATED/ANALYTICAL TITLE | |
| Uncontrolled related/analytical title | Bhagavad-gita. |
| 942 ## - ADDED ENTRY ELEMENTS (KOHA) | |
| Source of classification or shelving scheme | Library of Congress Classification |
| Koha item type | Books |
| Call number prefix | Foreign |
| Withdrawn status | Lost status | Source of classification or shelving scheme | Damaged status | Home library | Current library | Shelving location | Date acquired | Source of acquisition | Sub Shelving location | Total Checkouts | Total Renewals | Full call number | Barcode | Date last seen | Date checked out | Price effective from | Koha item type |
|---|---|---|---|---|---|---|---|---|---|---|---|---|---|---|---|---|---|
| Library of Congress Classification | College Library | College Library | General Circulation Section | 08/25/2015 | Donation | 2 | 2 | PK 3633.B5 .P7 1972 | C19786 | 12/06/2022 | 07/07/2022 | 08/25/2015 | Books |